Vibgyor (Record no. 8643)
[ view plain ]
| 000 -LEADER | |
|---|---|
| fixed length control field | 00523cam a2200205ua 4500 |
| 008 - FIXED-LENGTH DATA ELEMENTS--GENERAL INFORMATION | |
| fixed length control field | 160309n ii |||gr||||Z||||||eng |
| 020 ## - INTERNATIONAL STANDARD BOOK NUMBER | |
| International Standard Book Number | 9780199460724 |
| 040 ## - CATALOGING SOURCE | |
| Transcribing agency | MAIN |
| 041 ## - LANGUAGE CODE | |
| -- | eng |
| 082 ## - DEWEY DECIMAL CLASSIFICATION NUMBER | |
| Classification number | 820 |
| 100 ## - MAIN ENTRY--PERSONAL NAME | |
| Personal name | Sarma, Gautam Kumar, |
| Relator term | |
| 245 1# - TITLE STATEMENT | |
| Title | Vibgyor |
| Statement of responsibility, etc. | by Gautam Kumar Sarma and others |
| 250 ## - EDITION STATEMENT | |
| Edition statement | 1st ed. |
| 260 ## - PUBLICATION, DISTRIBUTION, ETC. | |
| Place of publication, distribution, etc. | New Delhi: |
| Name of publisher, distributor, etc. | Oxford university press, |
| Date of publication, distribution, etc. | 2015. |
| 300 ## - PHYSICAL DESCRIPTION | |
| Extent | 68p. |
| 942 ## - ADDED ENTRY ELEMENTS (KOHA) | |
| Koha item type | Books |
| 653 ## - INDEX TERM--UNCONTROLLED | |
| Uncontrolled term | English.& Old English literatures |
| 653 ## - INDEX TERM--UNCONTROLLED | |
| Uncontrolled term | English textbook |
| Withdrawn status | Lost status | Damaged status | Not for loan | Home library | Current library | Shelving location | Date acquired | Total Checkouts | Full call number | Barcode | Date last seen | Date last checked out | Copy number | Price effective from | Koha item type |
|---|---|---|---|---|---|---|---|---|---|---|---|---|---|---|---|
| Central Library, Naharkatiya College | Central Library, Naharkatiya College | General Stacks | 19/09/2020 | 2 | 820 | VIB | 23079 | 07/02/2022 | 07/02/2022 | 1 | 19/09/2020 | Books | ||||
| Central Library, Naharkatiya College | Central Library, Naharkatiya College | General Stacks | 19/09/2020 | 820 | VIB | 23080 | 19/09/2020 | 2 | 19/09/2020 | Books | ||||||
| Central Library, Naharkatiya College | Central Library, Naharkatiya College | General Stacks | 19/09/2020 | 820 | VIB | 23081 | 30/01/2023 | 3 | 19/09/2020 | Books |
